000 00313nam a2200121Ia 4500
008 240731s9999 xx 000 0 und d
022 _a1029-4937
245 0 _aOptimization Methods and Software
260 _bTaylor & Francis
856 _uhttps://www.tandfonline.com/loi/goms20
942 _2ddc
942 _cTFEJ
999 _c78815
_d78815
945 _a1
_bMadushi Gamage
_c1
_dMadushi Gamage